000
00276nam a22001217a 4500
008
180607b xxu||||| |||| 00| 0 eng d
041
_a
eng
080
_a
043.3
100
_a
0
101
_a
SHKI-MA
245
_a
End of Life of Electronic Devices
_c
Jahiu, H
942
_2
udc
_c
BK
999
_c
46559
_d
46559